000 01956nam0a2200337 4500
001 RU\NLR\BIBL_A\012175585
005 20260407114830.0
035 _a(NLR Aleph) 012175585
090 _a12260687
_c12260687
100 _a20191230d1898 |||y0rusy50 ca
101 0 _arus
102 _aRU
105 _ay z 000zy
200 1 _aО пересмотре правил торговых публикаций земельных банков
_fМинистерство Финансов. Особенная Канцелярия по Кредитной Части. Отделение I. Стол 1. 20 ноября 1898 года. № 17964
210 _a[C.-Петербург
_cб. и.]
_d1898
215 _a14 с.
_d33
300 _aВ конце текста: Министр Финансов Статс-Секретарь Витте; Директор: Б. Малешевский
601 0 1 _aРоссия
_bМинистерство финансов
_jДокументы и материалы
_91554792
_3RU\NLR\AUTH\66980077
606 1 _aЗемельные банки
_jДокументы и материалы
_yРоссия
_92466023
_3RU\NLR\AUTH\6601682215
686 3 _aУ26(28)11-212.113.63,011
686 3 _aУ26(28)210.3,011
702 1 _4720
_8rus
_7ca
_aВитте
_bС. Ю.
_f1849-1915
_gСергей Юльевич
_3RU\NLR\AUTH\772753
_9112761
702 1 _4720
_aМалешевский
_bБ. Ф.
_cматематик, гос. деятель
_f1849-1912
_gБолеслав Фомич
_9207058
_3RU\NLR\AUTH\770207110
711 0 1 _aРоссия
_bМинистерство финансов
_3RU\NLR\AUTH\889947360
_9390360
712 0 1 _4570
_aРоссия
_bМинистерство финансов
_bОсобенная канцелярия по кредитной части
_3RU\NLR\AUTH\889947456
_9390552
852 _aNLR
_j135/294-333(25)
942 _cBOOK
980 _aNB